Wszystkie flagi kolonii brytyjskich które istnieją do dziś - Statystyki

Ogólne statystyki
  • Ten quiz został rozwiązany 258 razy
  • Średni wynik to 9 z 16
Statystyki odpowiedzi
Obrazkowy Odpowiedź % Poprawnych
Australia
97%
Nowa Zelandia
91%
Fidżi
84%
Tuvalu
72%
Bermudy
65%
Niue
64%
Wyspy Cooka
64%
Falklandy
52%
Hawaje
46%
Anguilla
45%
Kajmany
43%
Brytyjskie Terytorium Oceanu Indyjskiego
42%
Brytyjskie Wyspy Dziewicze
42%
Turks i Caicos
37%
Montserrat
29%
Pitcairn
28%
Nie znaleziono quizów pasujących do podanych kryteriów
Rozkład punktacji
Procent ludzi z każdym wynikiem
Percentyl według liczby udzielonych odpowiedzi
Twoja historia wyników
Nie rozwiązałeś tego quizu